000 00325nam a2200133 a 4500
001 4140
005 20140414131854.0
008 090218s19uu xx 00 eng d
050 _aM 398.2
_bSp9 2002
100 _aSpurgeon, Maureen
245 _aNow I can read 15 toybox tales.
440 _aNow I can read
999 _c110369
_d110369